<?xml version="1.0" encoding="UTF-8"?>
<record
    xmlns:xsi="http://www.w3.org/2001/XMLSchema-instance"
    xsi:schemaLocation="http://www.loc.gov/MARC21/slim http://www.loc.gov/standards/marcxml/schema/MARC21slim.xsd"
    xmlns="http://www.loc.gov/MARC21/slim">

  <leader>00552nam a22001337a 4500</leader>
  <controlfield tag="008">230426b        |||||||| |||| 00| 0 eng d</controlfield>
  <datafield tag="040" ind1=" " ind2=" ">
    <subfield code="a">National Science Library</subfield>
    <subfield code="c">National Science Library</subfield>
  </datafield>
  <datafield tag="080" ind1=" " ind2=" ">
    <subfield code="a">528.71(1-773)(047)</subfield>
    <subfield code="b">L7</subfield>
  </datafield>
  <datafield tag="245" ind1=" " ind2=" ">
    <subfield code="a">Resource sensing from space: </subfield>
    <subfield code="b">Prospects for developing countries</subfield>
    <subfield code="c">Report of the ad hoc committee on remote..................................................National Research Council</subfield>
  </datafield>
  <datafield tag="260" ind1=" " ind2=" ">
    <subfield code="a">Washington: </subfield>
    <subfield code="b">National Academy of Science, </subfield>
    <subfield code="c">1977</subfield>
  </datafield>
  <datafield tag="300" ind1=" " ind2=" ">
    <subfield code="a">v, 202p.</subfield>
  </datafield>
  <datafield tag="650" ind1=" " ind2=" ">
    <subfield code="a">Report</subfield>
  </datafield>
  <datafield tag="942" ind1=" " ind2=" ">
    <subfield code="2">udc</subfield>
    <subfield code="c">REP</subfield>
  </datafield>
  <datafield tag="999" ind1=" " ind2=" ">
    <subfield code="c">23445</subfield>
    <subfield code="d">23445</subfield>
  </datafield>
  <datafield tag="952" ind1=" " ind2=" ">
    <subfield code="0">0</subfield>
    <subfield code="1">0</subfield>
    <subfield code="2">udc</subfield>
    <subfield code="4">0</subfield>
    <subfield code="6">5287117730473_L7</subfield>
    <subfield code="7">0</subfield>
    <subfield code="9">34387</subfield>
    <subfield code="a">NSL</subfield>
    <subfield code="b">NSL</subfield>
    <subfield code="c">GF/Rk-6/C-2/R-4</subfield>
    <subfield code="d">1977-10-10</subfield>
    <subfield code="l">0</subfield>
    <subfield code="o">528.71(1-773)(047.3) L7</subfield>
    <subfield code="p">67911</subfield>
    <subfield code="r">2023-04-26 00:00:00</subfield>
    <subfield code="w">1977-10-10</subfield>
    <subfield code="y">REP</subfield>
  </datafield>
</record>
